000 01799nam0a2200397 4500
001 RU\NLR\bibl\1016963
005 20250614233211.0
010 _a5-699-17716-7
_bВ пер.
_95000
021 _aRU
_b2006-66325
_93326
035 _a(nilc)RSL-KNO-002961741
035 _a(NLR Aleph) 001004529
090 _a599685
_c599685
100 _a20061020d2006 |||y0rusy50 ca
101 0 _arus
102 _aRU
105 _aa zzzz|||||
106 _ar
200 1 _aКонсервируем по лунному календарю
_e300 рецептов
_fК. Пономарева
210 _aМосква
_cЭксмо
_aРостов-на-Дону
_cНаука-Пресс
_d2006
_eН.Новгород
_gНижполиграф
215 _a318, [1] с.
_d21
225 1 _aЭкспресс-курс
300 _aНа обл. авт. не указан
606 1 _aЗемледельческие календари лунные
_jПопулярные издания
_92147473
_3RU\NLR\auth\661293642
606 1 _aДомашнее консервирование
_92074062
_3RU\NLR\auth\661249026
610 0 _aПищевые производства -- Основные процессы и аппараты пищевых производств -- Консервирование -- Консервирование в домашних условиях -- Рецепты
610 0 _aконсервирование растительных продуктов в домашних условиях
686 _aЛ816.9я27
_2rubbk
686 _aП1я9
686 _aЛ910я9
700 1 _aПономарева
_bК.
_gКсения
_4070
801 0 _aRU
_bРКП
_c20061020
_grcr
801 1 _aRU
_bРГБ
_c20061020
801 2 _aRU
_bNLR
_c20061205
_grcr
942 _cBOOK
980 _aNB